Detalles MARC
| 000 -LEADER |
| fixed length control field |
02283nam a2200469Ii 4500 |
| 001 - CONTROL NUMBER |
| control field |
DIGBONART0031 |
| 003 - CONTROL NUMBER IDENTIFIER |
| control field |
NyNyDIG |
| 006 - FIXED-LENGTH DATA ELEMENTS--ADDITIONAL MATERIAL CHARACTERISTICS |
| fixed length control field |
m o d |
| 007 - PHYSICAL DESCRIPTION FIXED FIELD--GENERAL INFORMATION |
| fixed length control field |
cr ||||||||||| |
| 008 - FIXED-LENGTH DATA ELEMENTS--GENERAL INFORMATION |
| fixed length control field |
150520s2010 mx a ob 000 0 spa d |
| 020 ## - INTERNATIONAL STANDARD BOOK NUMBER |
| Canceled/invalid ISBN |
9786070214417 |
| Qualifying information |
UNAM |
| 020 ## - INTERNATIONAL STANDARD BOOK NUMBER |
| Canceled/invalid ISBN |
6070214412 |
| Qualifying information |
UNAM |
| 020 ## - INTERNATIONAL STANDARD BOOK NUMBER |
| Canceled/invalid ISBN |
9786077588306 |
| Qualifying information |
Bonilla Artigas Editores |
| 020 ## - INTERNATIONAL STANDARD BOOK NUMBER |
| Canceled/invalid ISBN |
607758830X |
| Qualifying information |
Bonilla Artigas Editores |
| 035 ## - SYSTEM CONTROL NUMBER |
| System control number |
(OCoLC)913616707 |
| 040 ## - CATALOGING SOURCE |
| Original cataloging agency |
DGITA |
| Language of cataloging |
eng |
| Description conventions |
rda |
| -- |
pn |
| Transcribing agency |
DGITA |
| 050 14 - LIBRARY OF CONGRESS CALL NUMBER |
| Classification number |
F1219.3.R38 eBook |
| 100 1# - MAIN ENTRY--PERSONAL NAME |
| Personal name |
Menegus Bornemann, Margarita, |
| Relator term |
author. |
| 245 13 - TITLE STATEMENT |
| Title |
La secularización de las doctrinas de indios en la Nueva España : |
| Remainder of title |
la pugna entre las dos iglesias / |
| Statement of responsibility, etc. |
Margarita Menegus, Francisco Morales, Oscar Mazín. |
| 250 ## - EDITION STATEMENT |
| Edition statement |
Primera edición. |
| 264 #1 - PRODUCTION, PUBLICATION, DISTRIBUTION, MANUFACTURE, AND COPYRIGHT NOTICE |
| Place of production, publication, distribution, manufacture |
México, D.F. : |
| Name of producer, publisher, distributor, manufacturer |
Universidad Nacional Autónoma de México, Instituto de Investigaciones sobre la Universidad y la Educación : |
| -- |
Bonilla Artigas Editores S.A. de C.V., |
| Date of production, publication, distribution, manufacture, or copyright notice |
2010. |
| 300 ## - PHYSICAL DESCRIPTION |
| Extent |
1 online resource : |
| Other physical details |
illustrations. |
| 336 ## - CONTENT TYPE |
| Content type term |
text |
| Content type code |
txt |
| Source |
rdacontent |
| 337 ## - MEDIA TYPE |
| Media type term |
computer |
| Media type code |
c |
| Source |
rdamedia |
| 338 ## - CARRIER TYPE |
| Carrier type term |
online resource |
| Carrier type code |
cr |
| Source |
rdacarrier |
| 490 0# - SERIES STATEMENT |
| Series statement |
IISUE historia de la educación |
| 504 ## - BIBLIOGRAPHY, ETC. NOTE |
| Bibliography, etc. note |
Includes bibliographical references |
| 588 ## - SOURCE OF DESCRIPTION NOTE |
| Source of description note |
Online resource; title from PDF title page (Digitalia, viewed May 20, 2015) |
| 650 #0 - SUBJECT ADDED ENTRY--TOPICAL TERM |
| Topical term or geographic name entry element |
Indians of Mexico |
| General subdivision |
Social conditions. |
| 650 #0 - SUBJECT ADDED ENTRY--TOPICAL TERM |
| Topical term or geographic name entry element |
Missions |
| General subdivision |
Political aspects |
| Geographic subdivision |
Mexico. |
| 610 20 - SUBJECT ADDED ENTRY--CORPORATE NAME |
| Corporate name or jurisdiction name as entry element |
Catholic Church |
| Geographic subdivision |
Mexico |
| General subdivision |
History |
| Chronological subdivision |
16th century. |
| 655 #0 - INDEX TERM--GENRE/FORM |
| Genre/form data or focus term |
Electronic books. |
| 700 1# - ADDED ENTRY--PERSONAL NAME |
| Personal name |
Morales, Francisco, |
| Dates associated with a name |
1937- |
| Relator term |
author. |
| 700 1# - ADDED ENTRY--PERSONAL NAME |
| Personal name |
Mazín Gómez, Oscar, |
| Relator term |
author. |
| 776 08 - ADDITIONAL PHYSICAL FORM ENTRY |
| Relationship information |
Print version: |
| Main entry heading |
Menegus Bornemann, Margarita. |
| Title |
Secularización de las doctrinas de indios en la Nueva España : la pugna entre las dos iglesias. |
| Place, publisher, and date of publication |
México D.F. : Bonilla Artigas Editores, 2010 |
| International Standard Book Number |
9786077588306 |
| Record control number |
(OCoLC)727147794 |
| 791 2# - |
| -- |
Digitalia (Firm), |
| -- |
distributor. |
| 793 0# - |
| -- |
Digitalia eBook Collection: |
| -- |
Bonilla Artigas Editores. |
| 830 #0 - SERIES ADDED ENTRY--UNIFORM TITLE |
| Uniform title |
Historia de la educación (Universidad Nacional Autónoma de México. Instituto de Investigaciones sobre la Universidad y la Educación) |
| 856 40 - ELECTRONIC LOCATION AND ACCESS |
| Materials specified |
Digitalia Hispánica |
| Uniform Resource Identifier |
<a href="https://www.digitaliapublishing.com/a/29381">https://www.digitaliapublishing.com/a/29381</a> |
| 910 ## - USER-OPTION DATA (OCLC) |
| User-option data |
Premium Collection: 2015 |
| 942 ## - ADDED ENTRY ELEMENTS (KOHA) |
| Koha item type |
Recurso Electrónico |